Emprego do óleo de Melaleuca alternifolia Cheel (Myrtaceae) na odontologia: perspectivas quanto à utilização como antimicrobiano alternativo às doenças infecciosas de origem bucal (Registro n. 298704)
[ somente texto ]
| 000 -LÍDER | |
|---|---|
| fixed length control field | 03905nab a2200325 i 4500 |
| 003 - CÓDIGO MARC DA AGÊNCIA CATALOGADORA | |
| Campo de controle | BR-BrBNA |
| 005 - DATA E HORA DA ÚLTIMA ATUALIZAÇÃO | |
| Campo de controle | 20240307152642.0 |
| 008 - CAMPO DE TAMANHO FIXO | |
| fixed length control field | 240307b2011 bl.qr|p|oa||| 00| 0 por | |
| 040 ## - FONTE DA CATALOGAÇÃO | |
| Agência catalogadora | BR-BrBNA |
| Idioma da catalogação | por |
| 072 ## - CATEGORIA AGRIS | |
| Código AGRIS | S01 |
| 100 ## - ENTRADA PRINCIPAL - NOME PESSOAL | |
| Nome pessoal | Oliveira, A.C.M. |
| 100 ## - ENTRADA PRINCIPAL - NOME PESSOAL | |
| Nome pessoal | Fontana, A. |
| 100 ## - ENTRADA PRINCIPAL - NOME PESSOAL | |
| Nome pessoal | Negrini, T.C. |
| 100 ## - ENTRADA PRINCIPAL - NOME PESSOAL | |
| Nome pessoal | Nogueira, M.N.M. |
| 100 ## - ENTRADA PRINCIPAL - NOME PESSOAL | |
| Nome pessoal | Bedran, T.B.L. |
| 100 ## - ENTRADA PRINCIPAL - NOME PESSOAL | |
| Nome pessoal | Andrade, C.R. |
| 100 ## - ENTRADA PRINCIPAL - NOME PESSOAL | |
| Nome pessoal | Spolidorio, L.C. |
| 100 ## - ENTRADA PRINCIPAL - NOME PESSOAL | |
| Nome pessoal | Spolidorio, D.M.P. |
| 245 ## - TÍTULO PRINCIPAL | |
| Título principal | Emprego do óleo de Melaleuca alternifolia Cheel (Myrtaceae) na odontologia: perspectivas quanto à utilização como antimicrobiano alternativo às doenças infecciosas de origem bucal |
| 500 ## - NOTA GERAL | |
| Nota geral | Publicação on-line; Bibliography p. 497-499 (62 ref.); 1 table; Summaries (En, Pt) |
| 942 ## - ADDED ENTRY ELEMENTS (KOHA) | |
| Koha item type | |
| 520 ## - NOTA DE RESUMO | |
| Nota de conteúdo | <br/><br/>RESUMO: <br/><br/>O interesse por medicamentos alternativos, principalmente daqueles provenientes de<br/>extratos naturais, tem aumentado nas últimas décadas. A Melaleuca alternifolia é um arbusto<br/>pertencente ao gênero Melaleuca, popularmente conhecida como “árvore de chá”, cujo principal<br/>produto é o óleo essencial (TTO - tea tree oil), de grande importância medicinal por possuir<br/>comprovada ação bactericida e antifúngica contra diversos patógenos humanos. Em virtude da<br/>atividade terapêutica em diversas especialidades médicas, o TTO passou a ser empregado na<br/>área odontológica. Esta revisão de literatura foi realizada com o objetivo de discutir os ensaios já<br/>realizados com o TTO contra microrganismos relacionados à doença cárie, doença periodontal e<br/>problemas pulpares. O óleo de Melaleuca tem demonstrado boa ação antibacteriana in vitro<br/>contra microrganismos bucais, porém, pesquisas envolvendo o estudo do mecanismo de ação<br/>sobre as células microbianas ou estudos in vivo ainda são escassos e precisam ser realizados,<br/>já que esse produto pode ser útil na odontologia, seja na manutenção química da higiene ou<br/>prevenção de doenças bucais.<br/><br/>Palavras-chave: Melaleuca alternifolia, óleo da árvore de chá, agentes antimicrobianos,<br/>odontologia<br/> |
| 520 ## - NOTA DE RESUMO | |
| Nota de conteúdo | <br/><br/>ABSTRACT: <br/><br/>Use of Melaleuca alternifolia Cheel (Myrtaceae) oil in dentistry: perspectives<br/>on its use as alternative antimicrobial to infectious diseases of oral origin. The interest in<br/>alternative medicines, especially those from natural extracts, has increased in recent decades.<br/>Melaleuca alternifolia is a shrub belonging to the genus Melaleuca, popularly known as “tea tree”,<br/>the main product of which is its essential oil (TTO - tea tree oil), of great medicinal importance for<br/>its proven bactericidal and antifungal activity against several human pathogens. By virtue of its<br/>therapeutic activity in various medical specialties, TTO is now used in dentistry. This literature<br/>review was conducted in order to discuss the tests already carried out with TTO against<br/>microorganisms related to dental caries, periodontal disease and pulpal problems. Melaleuca oil<br/>has shown good in vitro antibacterial activity against oral microorganisms; however, research<br/>involving the study of its mechanism of action on the microbial cells or in vivo studies are still<br/>scarce and need to be done since this product may be useful in dentistry, either in the chemical<br/>maintenance of hygiene or in the prevention of oral diseases.<br/><br/>Key words: Melaleuca alternifolia, tea tree oil, antimicrobial agents, dentistry |
| 650 ## - ASSUNTO - THESAGRO | |
| Cabeçalho tópico ou nome geográfico | ÓLEO |
| 650 ## - ASSUNTO - THESAGRO | |
| Cabeçalho tópico ou nome geográfico | ODONTOLOGIA |
| 650 ## - ASSUNTO - THESAGRO | |
| Cabeçalho tópico ou nome geográfico | MYRTACEAE |
| 773 0# - ENTRADA ANALÍTICA | |
| Host Biblionumber | 3543 |
| Registro do item | 13667 |
| Imprenta | Botucatu-SP Instituto de Biociências - Departamento de Química e Bioquímica 1998 |
| Outro identificador | 2023-296812 |
| Título | Revista Brasileira de Plantas Medicinais (Brazil) |
| ISSN | 1516-0572 |
| Colação | v. 13(4) p. 492-499; (2011) |
| Número de controle de registro | BR2024000120 |
| 856 ## - ACESSO E ENDEREÇO ELETRÔNICO | |
| Identificador uniforme de recurso - URI | https://www.scielo.br/j/rbpm/a/3HdchzzsGnG9h8JV8pwjZym/?format=pdf&lang=pt |
Nenhum exemplar disponível.

BINAGRI